Rote Dinge - Statistiken

Allgemein
  • Dieses Quiz wurde 253 mal gespielt
  • Das Durchschnittsergebnis liegt bei 13 aus 16
Antwortstatistiken
Hinweis Antwort % Korrekt
Das Hauptgericht mit Knödel und Rot kraut
92%
Rettung Das Rote Kreuz
90%
ein tiefes Gewässer Das Rote Meer
90%
Zur Korrektur Der Rot stift
90%
Ein kleiner Vogel Das Rot kehlchen
88%
Beliebte Nachspeise Rote Grütze
87%
Frühere Streitkraft Die Rote Armee
86%
schlecht fürs Geschäft Die Roten Zahlen
86%
für die Stars Der rote Teppich
84%
Zieht sich durch die Geschichte Der Rote Faden
80%
im Weltall Der Rote Planet
80%
(Lied) Er hat ein... KNALLrotes Gummiboot
74%
(Kinderlied) die Fliege abgewehrt.... Da hat... das rote Pferd
66%
Ein besonderes Auto Der rote Ferrari
58%
Zur Gans Einen Rot wein
58%
Material für Schmuck Das Rot gold
47%
Keine übereinstimmenden Quizze gefunden
Verteilung der Resultate
Anzahl Personen mit jedem Resultat
Perzentil nach korrekt beantworteten Fragen
Ihre Resultats-Entwicklung
Sie haben dieses Quiz noch nicht gespielt